Projekt "Školské mlieko" (situácia na Slovensku a v zahraničí)

Bibliographic Details
Main Author: Šichta, Juraj (Author)
Format: Article
Language:Slovak
ISSN:0139-6919
Subjects:

MARC

LEADER 00000nab a2200000 a 4500
001 vtls000751848
003 SK-MaSNL
005 20260426082313.0
008 250429c2001 xo 0 slo
015 |a SNBRB2001/03-09630 
035 |a CLN000103639 
035 |a urn:nbn:sk:snk-abd3s0 
035 |a (urnnbn)urn:nbn:sk:snk:ar-007khz 
035 |a (uuid)4689973d-3556-4249-af76-30f605f05267 
040 |a SNKBUCL  |b slo  |c SNKBUCL  |e AACR2 
041 0 |a slo 
044 |a xo  |c SK 
080 |a 371.217.2  |2 1997 
100 1 |a Šichta, Juraj  |4 aut  |9 12288 
245 1 0 |a Projekt "Školské mlieko"  |b (situácia na Slovensku a v zahraničí)  |c Juraj Šichta 
610 2 7 |a Školské mlieko (projekt)  |2 snkbucl  |9 1416995 
650 0 7 |a školské stravovanie  |2 snkbucl  |9 71306 
650 0 7 |a mlieko  |2 snkbucl  |9 3942 
651 7 |a Slovensko  |2 snkbucl  |9 14231 
655 7 |a články z novín a časopisov  |2 snkbucl  |9 267496 
773 0 |t Vychovávateľ  |g Roč. 45, č. 7 (2001), s. 33-34  |x 0139-6919 
850 |a Slovenská národná knižnica 
852 |a Slovenská národná knižnica 
954 |a odborná, vedecká literatúra pôvodná (slovenská)  |2 lita 
958 |a article17 
958 |a SK 
958 |a OND 
958 |a EUIPO 
992 |a RBX 
999 |c 2869939  |d 2871869